Matematika 1 Zbierka úloh

Gespeichert in:
Bibliographische Detailangaben
1. Verfasser: Sekerová, Viera
Körperschaft: Ekonomická univerzita v Bratislave. Fakulta hospodárskej informatiky
Format: Buch
Sprache:Slowakisch
Veröffentlicht: Bratislava Ekonomická univerzita 1992
Ausgabe:2. vyd.
Schlagworte:
Tags: Tag hinzufügen
Keine Tags, Fügen Sie das erste Tag hinzu!

MARC

LEADER 00000nam a2200000 4500
001 c005010
005 20221214085945.7
020 |a 80-225-0393-2 
041 0 |a slo 
044 |a SK 
245 1 0 |a Matematika 1  |b Zbierka úloh  |c Viera Sekerová a kol. 
250 |a 2. vyd. 
264 1 |a Bratislava  |b Ekonomická univerzita  |c 1992 
300 |a 292 s. 
610 2 0 |a matematika 
100 1 |a Sekerová, Viera 
710 2 |a Ekonomická univerzita v Bratislave. Fakulta hospodárskej informatiky